000 00742nam a2200265Ia 4500
005 20260121165738.0
008 008 260114s9999 xx 000 0 eng d
020 _a9783319338439
037 _aEBOOK
040 _aCRL
040 _beng
040 _cCRL
041 _2eng
041 _aeng
084 _qCRL
100 _aSebastian V?duva, Victor T. Alistar, Andrew R. Thomas, Ioan S. Fotea, C?lin D. Lupi?u, Daniel S. Neagoie, Adrian F. Cioar?
_91055522
245 0 _aIntegrity in the Business Panorama
260 _bSpringer
260 _bSpringer
260 _c2016
856 _uhttps://link.springer.com/openurl?genre=book&isbn=978-3-319-33843-9
942 _cEBOOK
999 _c1621250
_d1621250